Chinese 3 - Statistics

General Stats
  • This quiz has been taken 30 times
  • The average score is 51 of 60
Answer Stats
Hint Answer % Correct
100%
chéng
100%
chū
100%
cóng
100%
100%
dào
100%
de
100%
de/dì
100%
100%
dōu
100%
duì
100%
ér
100%
100%
guó
100%
guò/guo
100%
hâo
100%
100%
hòu
100%
huì
100%
jiù
100%
kāi
100%
kàn
100%
100%
Lái
100%
le
100%
100%
liâng
100%
mêi
100%
men
100%
míng
100%
100%
100%
nián
100%
100%
rén
100%
shàng
100%
shén
100%
shì
100%
shí
100%
shì
100%
shì
100%
shuō
100%
100%
100%
tiān
100%
wèi
100%
100%
xià
100%
xiâng
100%
xiâo
100%
xué
100%
yáng
100%
yào
100%
100%
100%
100%
100%
yòng
100%
yǒu
100%
zài
100%
zhè
100%
zhe
100%
zhê
100%
zhī
100%
Zhōng
100%
zi
100%
100%
67%
67%
duō
67%
hái/huán
67%
jiā
67%
jiān
67%
jiàn
67%
méi
67%
zhī
67%
dāng
50%
dào
50%
50%
50%
gāo
50%
gêi
50%
me
50%
néng
50%
50%
qíng
50%
rán
50%
50%
zhī/zhî
50%
zhông/zhòng
50%
zông
50%
zuò
50%
bèi
0%
de
0%
míng
0%
0%
shēn
0%
shēng
0%
0%
xīn
0%
No matching quizzes found
Score Distribution
Percent of People with Each Score
Percentile by Number Answered
Your Score History
You have not taken this quiz